=LDR 00000nam 2200000 4500 =001 INLIS000000000017827 =005 20130612113033 =008 ***********************************Ind** =035 ##$$0010-061300000017827 =041 ##$$a Ind =082 ##$$a 2x3.131 =090 ##$$a 2x3.131, Qar j =100 ##$$a Al-Qarni, Aidh Bin Abdullah =245 ##$$a Jangan bersedih, Aidh Bin Abdullah Al-Qarni ; penerjemah, Bahrun Abubakar Ihsan Zubaidi, LC =260 ##$$a 2003 $b Bandung =300 ##$$a ...jil, 15 cm =650 ##$$a Penuntun cinta =850 ##$$a NBPNMAT =990 ##$$a 21400613/BPAP-NTB/20142014 =990 ##$$a 0001/BPAP-NTB/20142015